[Event "DVM U12 2017"]
[Site "Magdeburg GER"]
[Date "2017.12.29"]
[Round "6"]
[White "Tenbosch, Till Theo"]
[Black "Maric, Anton"]
[Result "1-0"]
[Termination "normal"]
[Board "8.3"]
[WhiteElo "1030"]
[BlackElo "1314"]
[WhiteClock "01:10:46"]
[BlackClock "00:03:41"]
[WhiteTeam "SK Münster"]
[BlackTeam "Klub Kölner SF"]
[PlyCount "81"]
[WhiteFideId "16255461"]
[BlackFideId "16211375"]
[EventCountry "GER"]
[EventRounds "7"]
[EventType "team-swiss"]
[EventDate "2017.12.26"]

1. d4 {[%clk 1:30:57]} e6 {[%clk 1:31:16]} 2. Bf4 {[%clk 1:31:07]} d5 {[%clk
1:31:04]} 3. e3 {[%clk 1:31:24]} Nf6 {[%clk 1:31:09]} 4. Nf3 {[%clk 1:31:30]}
Nc6 {[%clk 1:31:00]} 5. c4 {[%clk 1:31:46]} Bd6 {[%clk 1:29:09]} 6. Bg3 {[%clk
1:31:56]} Bxg3 {[%clk 1:28:33]} 7. hxg3 {[%clk 1:32:22]} O-O {[%clk 1:28:12]}
8. Bd3 {[%clk 1:32:33]} Re8 {[%clk 1:22:41]} 9. Qc2 {[%clk 1:32:52]} h6 {[%clk
1:20:31]} 10. a3 {[%clk 1:30:35]} b6 {[%clk 1:09:21]} 11. Ne5 {[%clk 1:30:04]}
Nxe5 {[%clk 1:06:00]} 12. dxe5 {[%clk 1:30:22]} dxc4 {[%clk 0:58:32]} 13. Qxc4
{[%clk 1:28:35]} Nd5 {[%clk 0:51:17]} 14. Qe4 {[%clk 1:26:07]} f5 {[%clk
0:48:08]} 15. exf6 Nxf6 {[%clk 0:47:30]} 16. Qg6 {[%clk 1:23:39]} Kf8 {[%clk
0:42:52]} 17. g4 {[%clk 1:22:00]} Qd5 {[%clk 0:34:12]} 18. Rxh6 {[%clk
1:13:47]} Ke7 {[%clk 0:18:35]} 19. Qxg7+ {[%clk 1:13:27]} Kd6 {[%clk 0:17:49]}
20. Qxf6 {[%clk 1:12:05]} Qe5 {[%clk 0:14:36]} 21. Qxe5+ {[%clk 1:11:48]} Kxe5
{[%clk 0:14:52]} 22. f4+ {[%clk 1:11:31]} Kd6 {[%clk 0:15:05]} 23. f5 {[%clk
1:11:02]} Rf8 {[%clk 0:14:27]} 24. Nc3 {[%clk 1:10:56]} Ke5 {[%clk 0:13:14]}
25. Rh5 {[%clk 1:10:30]} Kf6 {[%clk 0:11:05]} 26. Ne4+ {[%clk 1:10:16]} Kg7
{[%clk 0:10:23]} 27. Ng3 {[%clk 1:10:08]} Bd7 {[%clk 0:09:32]} 28. Ke2 {[%clk
1:10:04]} Rh8 {[%clk 0:08:42]} 29. Rxh8 {[%clk 1:10:28]} Rxh8 {[%clk 0:08:49]}
30. Rh1 {[%clk 1:10:46]} Rf8 {[%clk 0:08:49]} 31. Rf1 {[%clk 1:10:20]} exf5
{[%clk 0:08:20]} 32. Bxf5 {[%clk 1:09:55]} Bb5+ {[%clk 0:05:07]} 33. Bd3 {[%clk
1:09:54]} Bc6 {[%clk 0:04:38]} 34. Rxf8 {[%clk 1:09:56]} Kxf8 {[%clk 0:04:56]}
35. Be4 {[%clk 1:10:15]} Bb5+ {[%clk 0:04:53]} 36. Kf3 {[%clk 1:10:17]} Kf7
{[%clk 0:04:54]} 37. g5 {[%clk 1:10:18]} Kg7 {[%clk 0:04:54]} 38. Nh5+ {[%clk
1:10:29]} Kf7 {[%clk 0:04:55]} 39. g6+ {[%clk 1:10:46]} Kg8 {[%clk 0:04:54]}
40. Bd5+ {[%clk 1:10:29]} Kf8 {[%clk 0:03:41]} 41. g7+ {[%clk 1:10:46]} 1-0

[Event "DVM U12 2017"]
[Site "Magdeburg GER"]
[Date "2017.12.29"]
[Round "6"]
[White "Theisen, Johannes"]
[Black "Weidemann, Jakob"]
[Result "1-0"]
[Termination "normal"]
[Board "8.4"]
[WhiteElo "1177"]
[BlackElo "963"]
[WhiteClock "00:54:31"]
[BlackClock "01:17:43"]
[WhiteTeam "Klub Kölner SF"]
[BlackTeam "SK Münster"]
[PlyCount "103"]
[WhiteFideId "16255526"]
[BlackFideId "16255470"]
[EventCountry "GER"]
[EventRounds "7"]
[EventType "team-swiss"]
[EventDate "2017.12.26"]

1. e4 {[%clk 1:30:57]} c5 {[%clk 1:30:51]} 2. Nf3 {[%clk 1:31:18]} d6 {[%clk
1:31:11]} 3. d4 {[%clk 1:31:27]} cxd4 {[%clk 1:31:33]} 4. Nxd4 {[%clk 1:31:38]}
Nf6 {[%clk 1:31:55]} 5. Nc3 {[%clk 1:31:45]} g6 {[%clk 1:32:17]} 6. Be3 {[%clk
1:31:29]} Bg7 {[%clk 1:32:06]} 7. f3 {[%clk 1:31:27]} O-O {[%clk 1:32:10]} 8.
Qd2 {[%clk 1:31:12]} Nc6 {[%clk 1:32:28]} 9. Nb3 {[%clk 1:31:04]} Bd7 {[%clk
1:32:26]} 10. O-O-O {[%clk 1:31:17]} a5 {[%clk 1:32:33]} 11. Bb5 {[%clk
1:28:52]} a4 12. Bxa4 {[%clk 1:26:48]} Nb4 {[%clk 1:31:12]} 13. Bxd7 {[%clk
1:21:52]} Qxd7 {[%clk 1:30:35]} 14. a3 {[%clk 1:21:57]} Nc6 {[%clk 1:30:26]}
15. h4 {[%clk 1:22:09]} Ne5 {[%clk 1:27:16]} 16. Bf4 {[%clk 1:15:17]} Nh5
{[%clk 1:25:14]} 17. Bxe5 {[%clk 1:11:35]} Bxe5 {[%clk 1:25:31]} 18. Qd5 {[%clk
1:11:04]} Nf4 {[%clk 1:25:09]} 19. Qxe5 {[%clk 1:10:27]} dxe5 {[%clk 1:24:23]}
20. Rxd7 {[%clk 1:10:41]} Rab8 {[%clk 1:22:09]} 21. g3 {[%clk 1:04:57]} Ne6
{[%clk 1:21:02]} 22. Rxe7 {[%clk 1:04:38]} Rfe8 {[%clk 1:20:48]} 23. Rxe8+
{[%clk 1:04:03]} Rxe8 24. Rd1 Rd8 {[%clk 1:18:34]} 25. Rxd8+ {[%clk 1:04:24]}
Nxd8 26. Nc5 Kf8 {[%clk 1:17:41]} 27. Nd7+ {[%clk 1:01:58]} Ke7 {[%clk
1:17:40]} 28. Nxe5 {[%clk 1:02:07]} f6 {[%clk 1:17:17]} 29. Nc4 {[%clk
0:57:51]} Ne6 {[%clk 1:16:37]} 30. Nd5+ {[%clk 0:56:32]} Kf7 {[%clk 1:16:44]}
31. Nd6+ {[%clk 0:56:45]} Kg7 {[%clk 1:16:54]} 32. Nxb7 {[%clk 0:56:59]} f5
{[%clk 1:15:49]} 33. exf5 {[%clk 0:53:28]} gxf5 {[%clk 1:16:02]} 34. Ne3 {[%clk
0:52:32]} Nd4 {[%clk 1:16:09]} 35. Kd1 {[%clk 0:52:18]} Nxf3 {[%clk 1:16:08]}
36. Nxf5+ {[%clk 0:52:06]} Kg6 {[%clk 1:16:15]} 37. Ne3 {[%clk 0:52:19]} Kh5
{[%clk 1:15:39]} 38. a4 {[%clk 0:52:30]} h6 {[%clk 1:15:48]} 39. a5 {[%clk
0:52:56]} Ne5 40. a6 {[%clk 0:52:45]} Nc6 {[%clk 1:16:27]} 41. Kd2 {[%clk
0:52:52]} Ne7 {[%clk 1:16:12]} 42. a7 {[%clk 0:52:55]} Ng8 {[%clk 1:15:40]} 43.
a8=Q {[%clk 0:53:10]} Ne7 {[%clk 1:15:58]} 44. Qe8+ {[%clk 0:53:19]} Ng6 {[%clk
1:16:07]} 45. Qb5+ {[%clk 0:53:04]} Ne5 {[%clk 1:16:21]} 46. Qxe5+ {[%clk
0:53:22]} Kg6 {[%clk 1:16:44]} 47. Qf5+ {[%clk 0:53:01]} Kg7 {[%clk 1:17:01]}
48. Kd3 {[%clk 0:53:26]} Kh8 {[%clk 1:16:55]} 49. Kd4 {[%clk 0:53:37]} Kg7
{[%clk 1:17:17]} 50. Ke5 {[%clk 0:53:57]} Kh8 {[%clk 1:17:35]} 51. Qd7 {[%clk
0:54:10]} h5 {[%clk 1:17:43]} 52. Kf6 {[%clk 0:54:31]} 1-0

[Event "DVM U12 2017"]
[Site "Magdeburg GER"]
[Date "2017.12.29"]
[Round "6"]
[White "Quinque, Pepe"]
[Black "Kalina, Lena"]
[Result "0-1"]
[Termination "normal"]
[Board "9.1"]
[WhiteElo "992"]
[BlackElo "1440"]
[WhiteClock "00:19:11"]
[BlackClock "00:38:19"]
[WhiteTeam "VfL Gräfenhainichen"]
[BlackTeam "SC Landskrone"]
[PlyCount "116"]
[WhiteFideId "16255550"]
[BlackFideId "12988014"]
[EventCountry "GER"]
[EventRounds "7"]
[EventType "team-swiss"]
[EventDate "2017.12.26"]

1. e4 {[%clk 1:30:57]} c5 {[%clk 1:30:54]} 2. Nf3 {[%clk 1:30:49]} Nc6 {[%clk
1:31:12]} 3. d4 {[%clk 1:26:24]} cxd4 {[%clk 1:31:29]} 4. Nxd4 {[%clk 1:26:46]}
g6 {[%clk 1:31:42]} 5. Nxc6 {[%clk 1:23:19]} bxc6 {[%clk 1:30:51]} 6. Nc3
{[%clk 1:23:30]} Bg7 {[%clk 1:29:58]} 7. Bd3 {[%clk 1:22:07]} Nf6 {[%clk
1:28:06]} 8. O-O {[%clk 1:14:35]} O-O {[%clk 1:26:20]} 9. Re1 {[%clk 1:10:21]}
d5 {[%clk 1:23:41]} 10. Bg5 {[%clk 1:05:43]} Be6 {[%clk 1:16:42]} 11. Qd2
{[%clk 1:03:04]} Rb8 {[%clk 1:13:42]} 12. Rab1 {[%clk 0:57:47]} dxe4 {[%clk
1:09:42]} 13. Nxe4 {[%clk 0:56:46]} Nxe4 {[%clk 1:09:31]} 14. Bxe4 {[%clk
0:50:17]} Qxd2 {[%clk 1:08:51]} 15. Bxd2 {[%clk 0:50:34]} Rxb2 {[%clk 1:08:48]}
16. Rxb2 {[%clk 0:50:06]} Bxb2 {[%clk 1:09:10]} 17. c3 {[%clk 0:50:14]} Bxa2
{[%clk 1:04:41]} 18. h3 {[%clk 0:43:56]} Rd8 {[%clk 1:00:15]} 19. Bh6 {[%clk
0:40:17]} Bxc3 {[%clk 1:00:15]} 20. Re3 {[%clk 0:39:42]} Be5 {[%clk 0:57:18]}
21. Re1 {[%clk 0:37:48]} c5 {[%clk 0:52:22]} 22. g3 {[%clk 0:33:51]} Bg7 {[%clk
0:49:58]} 23. Bg5 {[%clk 0:29:59]} f6 {[%clk 0:48:21]} 24. Bc1 {[%clk 0:28:44]}
a5 {[%clk 0:46:25]} 25. Bc2 {[%clk 0:27:21]} e5 {[%clk 0:46:08]} 26. Re3 {[%clk
0:26:37]} Bh6 {[%clk 0:41:05]} 27. Ra3 {[%clk 0:26:39]} Bxc1 {[%clk 0:40:56]}
28. Rxa2 {[%clk 0:25:16]} Bd2 {[%clk 0:40:41]} 29. Bb3+ {[%clk 0:23:15]} Kg7
{[%clk 0:39:13]} 30. Rc2 {[%clk 0:23:29]} Bb4 {[%clk 0:39:20]} 31. Re2 {[%clk
0:22:26]} Rd3 {[%clk 0:38:40]} 32. Bc2 {[%clk 0:21:33]} Rd2 {[%clk 0:38:52]}
33. Rxd2 {[%clk 0:21:41]} Bxd2 {[%clk 0:39:15]} 34. Kg2 {[%clk 0:22:05]} c4
{[%clk 0:39:02]} 35. Kf3 {[%clk 0:22:12]} Bb4 {[%clk 0:39:08]} 36. Ba4 {[%clk
0:22:00]} c3 {[%clk 0:38:28]} 37. Ke2 {[%clk 0:22:21]} f5 {[%clk 0:38:41]} 38.
f4 {[%clk 0:21:22]} e4 {[%clk 0:38:38]} 39. h4 {[%clk 0:21:35]} h6 {[%clk
0:38:39]} 40. Ke3 {[%clk 0:20:31]} Kf6 {[%clk 0:38:34]} 41. Kd4 {[%clk
0:20:37]} g5 {[%clk 0:38:13]} 42. h5 {[%clk 0:20:38]} gxf4 {[%clk 0:38:15]} 43.
gxf4 {[%clk 0:21:00]} Ke6 {[%clk 0:37:53]} 44. Bc2 {[%clk 0:20:19]} Kd6 {[%clk
0:37:54]} 45. Ba4 {[%clk 0:20:25]} Kc7 {[%clk 0:38:03]} 46. Ke3 {[%clk
0:20:06]} Kb6 {[%clk 0:38:18]} 47. Kd4 {[%clk 0:20:04]} Ka6 {[%clk 0:37:39]}
48. Ke3 {[%clk 0:19:50]} Kb7 {[%clk 0:37:51]} 49. Kd4 {[%clk 0:19:57]} Kb6
{[%clk 0:37:56]} 50. Kc4 {[%clk 0:19:27]} c2 {[%clk 0:38:03]} 51. Bxc2 {[%clk
0:19:37]} Bd2 {[%clk 0:38:27]} 52. Kd4 {[%clk 0:19:36]} Bxf4 {[%clk 0:38:42]}
53. Bd1 {[%clk 0:19:47]} e3 {[%clk 0:38:28]} 54. Kd3 {[%clk 0:19:19]} Kb5
{[%clk 0:38:22]} 55. Kc3 {[%clk 0:18:53]} a4 {[%clk 0:38:20]} 56. Kb2 {[%clk
0:19:12]} Kb4 {[%clk 0:38:40]} 57. Ka2 {[%clk 0:19:18]} a3 {[%clk 0:38:11]} 58.
Ka1 {[%clk 0:19:11]} Kc3 {[%clk 0:38:19]} 0-1

[Event "DVM U12 2017"]
[Site "Magdeburg GER"]
[Date "2017.12.29"]
[Round "6"]
[White "Behr, Julian"]
[Black "Nguyen, Alex Tommi"]
[Result "1-0"]
[Termination "normal"]
[Board "9.2"]
[WhiteElo "1282"]
[BlackElo "981"]
[WhiteClock "01:01:04"]
[BlackClock "00:01:54"]
[WhiteTeam "SC Landskrone"]
[BlackTeam "VfL Gräfenhainichen"]
[PlyCount "79"]
[WhiteFideId "16255410"]
[BlackFideId "16255569"]
[EventCountry "GER"]
[EventRounds "7"]
[EventType "team-swiss"]
[EventDate "2017.12.26"]

1. e4 c5 2. d4 cxd4 3. c3 {[%clk 1:31:14]} dxc3 {[%clk 1:29:10]} 4. Nxc3 {[%clk
1:31:39]} a6 {[%clk 1:27:48]} 5. Nf3 {[%clk 1:31:43]} Nc6 {[%clk 1:26:19]} 6.
Bc4 {[%clk 1:31:27]} Nf6 {[%clk 1:23:48]} 7. O-O {[%clk 1:31:10]} e5 {[%clk
1:23:34]} 8. Qb3 {[%clk 1:29:06]} d5 {[%clk 1:11:48]} 9. Nxd5 {[%clk 1:27:15]}
Be6 {[%clk 1:06:33]} 10. Nxf6+ {[%clk 1:23:18]} Qxf6 {[%clk 1:06:40]} 11. Bxe6
{[%clk 1:22:26]} Qxe6 {[%clk 1:02:44]} 12. Qxe6+ {[%clk 1:22:44]} fxe6 {[%clk
1:03:04]} 13. Rd1 {[%clk 1:22:58]} Be7 {[%clk 1:01:42]} 14. Bg5 {[%clk
1:21:48]} Nd4 {[%clk 0:51:18]} 15. Nxd4 {[%clk 1:20:14]} exd4 {[%clk 0:51:29]}
16. Bxe7 {[%clk 1:20:35]} Kxe7 {[%clk 0:51:45]} 17. Rxd4 {[%clk 1:20:56]} Kf6
{[%clk 0:49:26]} 18. f3 {[%clk 1:20:49]} Rhe8 {[%clk 0:45:17]} 19. h3 {[%clk
1:18:50]} Rad8 {[%clk 0:35:21]} 20. Rad1 {[%clk 1:16:18]} Rxd4 {[%clk 0:33:28]}
21. Rxd4 {[%clk 1:15:47]} Rc8 {[%clk 0:32:35]} 22. Rd7 {[%clk 1:12:49]} b5
{[%clk 0:32:47]} 23. Ra7 {[%clk 1:12:46]} Rc6 {[%clk 0:31:58]} 24. b4 {[%clk
1:11:48]} h6 {[%clk 0:28:07]} 25. Kh2 {[%clk 1:09:42]} g5 {[%clk 0:25:02]} 26.
Kg3 {[%clk 1:06:38]} Ke5 {[%clk 0:21:28]} 27. Kg4 {[%clk 1:05:08]} Kd4 {[%clk
0:20:04]} 28. Kh5 {[%clk 1:04:03]} e5 {[%clk 0:20:08]} 29. Kg4 {[%clk 1:02:50]}
Kc4 {[%clk 0:19:16]} 30. a3 {[%clk 1:01:21]} Kb3 {[%clk 0:18:15]} 31. Kf5
{[%clk 1:01:32]} Kxa3 {[%clk 0:18:02]} 32. Kxe5 {[%clk 1:01:38]} Kxb4 {[%clk
0:17:35]} 33. Kd5 {[%clk 1:01:56]} Rg6 {[%clk 0:16:38]} 34. e5 {[%clk 1:02:11]}
Ka5 {[%clk 0:14:43]} 35. e6 {[%clk 1:02:26]} Kb6 {[%clk 0:14:07]} 36. Rf7
{[%clk 1:02:31]} Rg8 {[%clk 0:06:51]} 37. e7 {[%clk 1:02:36]} Re8 {[%clk
0:05:04]} 38. Kd6 {[%clk 1:01:21]} Kb7 {[%clk 0:02:49]} 39. Rf8 {[%clk
1:01:04]} Rxf8 {[%clk 0:01:54]} 40. exf8=Q 1-0

[Event "DVM U12 2017"]
[Site "Magdeburg GER"]
[Date "2017.12.29"]
[Round "6"]
[White "Grunemann, Jonas"]
[Black "Kinsky, Leonhard"]
[Result "1-0"]
[Termination "normal"]
[Board "9.3"]
[WhiteElo "964"]
[BlackElo "1276"]
[WhiteClock "00:59:17"]
[BlackClock "01:07:55"]
[WhiteTeam "VfL Gräfenhainichen"]
[BlackTeam "SC Landskrone"]
[PlyCount "37"]
[WhiteFideId "16255577"]
[BlackFideId "16255429"]
[EventCountry "GER"]
[EventRounds "7"]
[EventType "team-swiss"]
[EventDate "2017.12.26"]

1. e4 {[%clk 1:30:55]} d5 {[%clk 1:30:57]} 2. exd5 {[%clk 1:31:15]} Qxd5 {[%clk
1:31:22]} 3. Nc3 {[%clk 1:31:36]} Qa5 {[%clk 1:31:46]} 4. Nf3 {[%clk 1:31:00]}
Bf5 {[%clk 1:31:40]} 5. Be2 {[%clk 1:30:06]} Nf6 {[%clk 1:31:26]} 6. O-O {[%clk
1:28:25]} Nc6 {[%clk 1:29:16]} 7. d4 {[%clk 1:26:19]} e6 {[%clk 1:27:48]} 8.
Bd2 {[%clk 1:18:45]} Bd6 {[%clk 1:26:18]} 9. Nb5 {[%clk 1:15:55]} Qb6 {[%clk
1:24:38]} 10. a4 {[%clk 1:13:25]} a5 {[%clk 1:21:13]} 11. c4 {[%clk 1:05:49]}
Nxd4 {[%clk 1:14:03]} 12. Nfxd4 {[%clk 1:05:28]} c6 {[%clk 1:12:11]} 13. Nxd6+
{[%clk 1:04:51]} Kd7 {[%clk 1:11:24]} 14. N4xf5 {[%clk 1:00:15]} exf5 15. Nxf7
Rhe8 {[%clk 1:08:51]} 16. Be3+ {[%clk 1:00:03]} Kc7 {[%clk 1:08:28]} 17. Qd6+
{[%clk 0:59:00]} Kc8 {[%clk 1:08:22]} 18. Bxb6 {[%clk 0:59:14]} Nd5 {[%clk
1:07:55]} 19. cxd5 {[%clk 0:59:17]} 1-0

[Event "DVM U12 2017"]
[Site "Magdeburg GER"]
[Date "2017.12.29"]
[Round "6"]
[White "Dittenberger, Nico"]
[Black "Mischke, Richard"]
[Result "1-0"]
[Termination "normal"]
[Board "9.4"]
[WhiteElo "1229"]
[BlackElo "926"]
[WhiteClock "00:59:09"]
[BlackClock "01:11:55"]
[WhiteTeam "SC Landskrone"]
[BlackTeam "VfL Gräfenhainichen"]
[PlyCount "53"]
[WhiteFideId "12996254"]
[BlackFideId "16255585"]
[EventCountry "GER"]
[EventRounds "7"]
[EventType "team-swiss"]
[EventDate "2017.12.26"]

1. e4 {[%clk 1:30:55]} c5 {[%clk 1:30:55]} 2. Bc4 {[%clk 1:30:41]} a6 {[%clk
1:31:15]} 3. c3 {[%clk 1:30:27]} e5 {[%clk 1:31:14]} 4. Nf3 {[%clk 1:30:24]}
Nc6 {[%clk 1:30:51]} 5. d3 {[%clk 1:29:54]} Nf6 {[%clk 1:30:50]} 6. Ng5 {[%clk
1:29:50]} d5 {[%clk 1:28:30]} 7. exd5 {[%clk 1:29:30]} Nxd5 {[%clk 1:28:51]} 8.
Qf3 {[%clk 1:28:56]} Be6 {[%clk 1:27:33]} 9. O-O {[%clk 1:22:22]} Be7 {[%clk
1:27:23]} 10. Nxe6 {[%clk 1:21:33]} fxe6 {[%clk 1:26:56]} 11. Qg4 {[%clk
1:18:30]} Qd6 {[%clk 1:25:52]} 12. Qxg7 {[%clk 1:16:33]} O-O-O {[%clk 1:25:17]}
13. Qg4 {[%clk 1:16:12]} Rdg8 {[%clk 1:24:45]} 14. Qe2 {[%clk 1:13:39]} Nf4
{[%clk 1:24:13]} 15. Bxf4 {[%clk 1:13:37]} exf4 {[%clk 1:24:13]} 16. Bxe6+
{[%clk 1:14:04]} Kb8 {[%clk 1:24:08]} 17. Bxg8 {[%clk 1:14:25]} Rxg8 {[%clk
1:23:35]} 18. Nd2 {[%clk 1:12:25]} Ne5 {[%clk 1:20:49]} 19. d4 {[%clk 1:09:47]}
cxd4 {[%clk 1:20:31]} 20. Nc4 {[%clk 1:08:39]} Qg6 {[%clk 1:20:28]} 21. g3
{[%clk 1:08:16]} f3 {[%clk 1:20:18]} 22. Qxe5+ {[%clk 1:08:34]} Ka7 {[%clk
1:18:32]} 23. Qxe7 {[%clk 1:06:33]} Qh5 {[%clk 1:16:47]} 24. Nd6 {[%clk
1:05:57]} Rb8 {[%clk 1:16:34]} 25. Qd7 {[%clk 0:59:38]} Kb6 {[%clk 1:11:52]}
26. Nc8+ {[%clk 0:59:09]} Ka5 {[%clk 1:11:55]} 27. b4# 1-0

[Event "DVM U12 2017"]
[Site "Magdeburg GER"]
[Date "2017.12.30"]
[Round "7"]
[White "Lauterbach, Kolja"]
[Black "Weihrauch, Jakob"]
[Result "0-1"]
[Termination "normal"]
[Board "1.1"]
[WhiteElo "1683"]
[BlackElo "2050"]
[WhiteClock "01:17:52"]
[BlackClock "00:57:44"]
[WhiteTeam "SK Freiburg-Zähringen"]
[BlackTeam "Hamburger SK"]
[PlyCount "52"]
[WhiteFideId "16235916"]
[BlackFideId "16210115"]
[EventCountry "GER"]
[EventRounds "7"]
[EventType "team-swiss"]
[EventDate "2017.12.26"]

1. e4 {[%clk 1:30:58]} c5 {[%clk 1:30:54]} 2. c3 {[%clk 1:31:26]} d5 {[%clk
1:31:14]} 3. e5 {[%clk 1:31:49]} d4 {[%clk 1:31:00]} 4. Nf3 {[%clk 1:32:05]} a6
{[%clk 1:25:47]} 5. Bc4 {[%clk 1:32:26]} e6 {[%clk 1:25:03]} 6. d3 {[%clk
1:31:03]} Nc6 {[%clk 1:24:19]} 7. O-O {[%clk 1:31:19]} Nge7 {[%clk 1:23:07]} 8.
Bg5 {[%clk 1:30:57]} h6 {[%clk 1:23:05]} 9. Bh4 {[%clk 1:30:55]} Qc7 {[%clk
1:23:09]} 10. Bg3 {[%clk 1:30:50]} Nf5 {[%clk 1:22:43]} 11. Re1 {[%clk
1:30:47]} Be7 {[%clk 1:21:01]} 12. Nbd2 {[%clk 1:31:07]} g5 {[%clk 1:12:10]}
13. h3 {[%clk 1:26:01]} h5 {[%clk 1:11:02]} 14. cxd4 {[%clk 1:24:41]} cxd4
{[%clk 1:09:14]} 15. Re4 {[%clk 1:24:50]} b5 {[%clk 1:08:59]} 16. Bb3 {[%clk
1:25:02]} Bb7 {[%clk 1:09:00]} 17. Rc1 {[%clk 1:25:04]} Rd8 {[%clk 1:05:57]}
18. Bh2 {[%clk 1:23:57]} Qb8 {[%clk 1:05:46]} 19. g4 {[%clk 1:23:13]} hxg4
{[%clk 1:04:15]} 20. Rxg4 {[%clk 1:23:08]} Rxh3 {[%clk 1:03:20]} 21. Nxg5
{[%clk 1:23:29]} Bxg5 {[%clk 0:57:39]} 22. Rxg5 {[%clk 1:23:51]} Nxe5 {[%clk
0:57:24]} 23. Ne4 {[%clk 1:22:24]} Nf3+ {[%clk 0:57:32]} 24. Qxf3 {[%clk
1:20:56]} Qxh2+ {[%clk 0:57:57]} 25. Kf1 {[%clk 1:20:37]} Rxf3 {[%clk 0:58:16]}
26. Rc7 {[%clk 1:17:52]} Qxc7 {[%clk 0:57:44]} 0-1

[Event "DVM U12 2017"]
[Site "Magdeburg GER"]
[Date "2017.12.30"]
[Round "7"]
[White "von Krosigk, Florian"]
[Black "Straub, Benno"]
[Result "1-0"]
[Termination "normal"]
[Board "1.2"]
[WhiteElo "1671"]
[BlackElo "1492"]
[WhiteClock "00:35:01"]
[BlackClock "01:25:36"]
[WhiteTeam "Hamburger SK"]
[BlackTeam "SK Freiburg-Zähringen"]
[PlyCount "97"]
[WhiteFideId "16227808"]
[BlackFideId "16255488"]
[EventCountry "GER"]
[EventRounds "7"]
[EventType "team-swiss"]
[EventDate "2017.12.26"]

1. e4 {[%clk 1:30:58]} e5 {[%clk 1:30:54]} 2. Nf3 {[%clk 1:31:24]} Nc6 {[%clk
1:31:19]} 3. Bb5 {[%clk 1:31:42]} a6 {[%clk 1:31:41]} 4. Ba4 {[%clk 1:32:07]}
Bc5 {[%clk 1:32:03]} 5. d3 {[%clk 1:31:49]} d6 {[%clk 1:32:17]} 6. Nc3 {[%clk
1:31:52]} Nge7 {[%clk 1:32:30]} 7. Bb3 {[%clk 1:31:16]} h6 {[%clk 1:32:04]} 8.
Be3 {[%clk 1:26:03]} Nd4 {[%clk 1:31:45]} 9. Bxd4 {[%clk 1:25:48]} Bxd4 {[%clk
1:32:09]} 10. Nxd4 {[%clk 1:24:26]} exd4 {[%clk 1:32:33]} 11. Nd5 {[%clk
1:22:56]} c6 {[%clk 1:31:18]} 12. Nxe7 {[%clk 1:22:29]} Qxe7 {[%clk 1:31:37]}
13. O-O {[%clk 1:22:42]} O-O {[%clk 1:31:47]} 14. Qd2 {[%clk 1:22:21]} Be6
{[%clk 1:31:42]} 15. f4 {[%clk 1:22:02]} Bxb3 {[%clk 1:31:16]} 16. axb3 {[%clk
1:22:11]} f5 {[%clk 1:31:25]} 17. Rae1 {[%clk 1:22:19]} fxe4 {[%clk 1:30:22]}
18. Rxe4 {[%clk 1:21:13]} Qf6 {[%clk 1:30:44]} 19. Qb4 {[%clk 1:19:16]} b5
{[%clk 1:28:48]} 20. Qe1 {[%clk 1:14:32]} c5 {[%clk 1:25:14]} 21. f5 {[%clk
1:13:24]} Qf7 {[%clk 1:25:05]} 22. Re7 {[%clk 1:08:06]} Qh5 {[%clk 1:24:29]}
23. Qe6+ {[%clk 1:06:46]} Rf7 {[%clk 1:23:19]} 24. f6 {[%clk 1:04:17]} Raf8
{[%clk 1:23:20]} 25. Rxf7 {[%clk 0:57:34]} Rxf7 {[%clk 1:23:20]} 26. fxg7 Kxg7
{[%clk 1:23:39]} 27. Rxf7+ {[%clk 0:45:40]} Qxf7 {[%clk 1:23:53]} 28. Qxf7+
{[%clk 0:45:26]} Kxf7 {[%clk 1:24:14]} 29. Kf2 {[%clk 0:45:54]} Kf6 {[%clk
1:24:37]} 30. g4 {[%clk 0:45:39]} a5 {[%clk 1:24:58]} 31. Kf3 {[%clk 0:45:09]}
d5 {[%clk 1:25:20]} 32. Kf4 {[%clk 0:44:59]} c4 {[%clk 1:25:41]} 33. bxc4 dxc4
34. Ke4 {[%clk 0:37:32]} c3 {[%clk 1:25:52]} 35. b3 {[%clk 0:37:19]} Kg5 {[%clk
1:21:21]} 36. Kxd4 {[%clk 0:35:00]} b4 {[%clk 1:21:26]} 37. Kc4 {[%clk
0:34:10]} Kf4 {[%clk 1:21:49]} 38. d4 {[%clk 0:33:54]} Ke3 {[%clk 1:22:13]} 39.
d5 {[%clk 0:33:51]} Kd2 {[%clk 1:22:36]} 40. d6 {[%clk 0:34:13]} Kxc2 {[%clk
1:23:01]} 41. d7 {[%clk 0:34:39]} Kb1 {[%clk 1:23:13]} 42. d8=Q {[%clk
0:34:56]} c2 {[%clk 1:23:38]} 43. Qd3 {[%clk 0:35:21]} Kb2 {[%clk 1:24:04]} 44.
Qd2 {[%clk 0:35:45]} Kb1 {[%clk 1:24:24]} 45. Qxh6 {[%clk 0:34:58]} c1=Q+
{[%clk 1:24:25]} 46. Qxc1+ {[%clk 0:35:00]} Kxc1 {[%clk 1:24:53]} 47. g5 {[%clk
0:34:58]} Kc2 {[%clk 1:25:10]} 48. g6 {[%clk 0:34:49]} a4 {[%clk 1:25:36]} 49.
bxa4 {[%clk 0:35:01]} 1-0